| 000 | 00403nam a2200157Ia 4500 | ||
|---|---|---|---|
| 008 | 220204s9999 xx 000 0 und d | ||
| 082 |
_a576.316 _bJEI |
||
| 100 | _aECKHARDT, Ronald A | ||
| 245 | 0 | _aChromatin and chromosome structure | |
| 260 |
_aNew York _bAcademic _c1977 |
||
| 650 | _aChromatin | ||
| 650 | _aChromosome | ||
| 650 | _aLampbrush chromosome | ||
| 700 | _aJEILI, Hsueh | ||
| 942 | _cBK | ||
| 999 |
_c28604 _d28604 |
||